000 00849nmm a2200265 a 4500
001 ocm000639759
003 TR-IsHL
005 20201028132149.0
008 131030s2010 tu tur
007 cr cn
020 _a9786055545079
035 _a639759
_b(N$T)
050 0 4 _aPL248.Y87
_bB3 2010
090 0 4 _aPL248.Y87
_bB3 2010
100 1 _aYurttaşer, Şekip
245 1 0 _aBabamın mavi radyosu
_h[electronic resource] /
_cŞekip Yurttaşer
260 _aİstanbul :
_bBabıali Kültür Yayıncılığı,
_c2010
300 _a94 p.
650 4 _aDil ve Edebiyat
650 4 _aLanguage and Literature
650 0 _aTürk hikayeleri
650 0 _aTurkish stories
650 7 _aLITERARY COLLECTIONS / Middle Eastern
_2bisacsh
856 4 0 _uhttp://search.ebscohost.com/login.aspx?direct=true&scope=site&db=e011xww&AN=639759
999 _c4948
_d4948